| 000 | 02451nam a22003617a 4500 | ||
|---|---|---|---|
| 005 | 20080806153752.0 | ||
| 008 | 080806t xxu||||| |||| 00| 0 eng d | ||
| 010 | _aB-281832-843 | ||
| 020 |
_a8176558443 _c295.00 |
||
| 035 | _aB-281832-843 | ||
| 040 |
_aDPL _bEN |
||
| 082 | _aN | ||
| 100 | _aCollins, Suzanne | ||
| 245 |
_aGregor and the marks of secret / _cby Suzanne collins |
||
| 260 |
_bScholastic Inc. _c2007(repr.). _aNew York |
||
| 270 |
_a550 A, Pace City-II, Sector - 37, (Vender) _bGurgaon _e122004 _k2212432 |
||
| 300 |
_a343p. _c20 cm (pbk) |
||
| 942 |
_cCH _hN _2ddc _mCOL |
||
| 999 |
_c13509 _d13509 |
||